Radio design in nanometer technologies (Record no. 10005)

000 -LEADER
fixed length control field 00665 a2200181 4500
020 ## - INTERNATIONAL STANDARD BOOK NUMBER
International Standard Book Number 9781402048234
040 ## - CATALOGING SOURCE
Original cataloging agency DLC
Language of cataloging DLC
100 0# - MAIN ENTRY--PERSONAL NAME
Personal name Ismail, Mohammed.
245 10 - TITLE STATEMENT
Title Radio design in nanometer technologies
Statement of responsibility, etc. Mohammed Ismail and Delia Rodriguez De Llera Gonzalez.
246 3# - VARYING FORM OF TITLE
Title proper/short title Radio design in nanometer technologies [electronic resource]
260 ## - PUBLICATION, DISTRIBUTION, ETC.
Place of publication, distribution, etc. Dordrecht, The Netherland :
Name of publisher, distributor, etc. Springer,
Date of publication, distribution, etc. c2006.
300 ## - PHYSICAL DESCRIPTION
Extent xxviii, 326 p. :
Other physical details ill. ;
Dimensions 25 cm.
500 ## - GENERAL NOTE
General note Includes bibliographical references and index.
650 #0 - SUBJECT ADDED ENTRY--TOPICAL TERM
Topical term or geographic name entry element Radio.
650 #0 - SUBJECT ADDED ENTRY--TOPICAL TERM
Topical term or geographic name entry element Radio
General subdivision Transmitter-receivers.
700 1# - ADDED ENTRY--PERSONAL NAME
Personal name Gonzalez, Delia Rodriguez De Llera.
942 ## - ADDED ENTRY ELEMENTS (KOHA)
Koha item type Book
Call number prefix 621.38418 ISM
Source of classification or shelving scheme
Holdings
Withdrawn status Lost status Damaged status Not for loan Collection code Permanent Location Current Location Shelving location Date acquired Source of acquisition Cost, normal purchase price Total Checkouts Full call number Barcode Date last seen Price effective from Koha item type
          Central Library (CL) Central Library (CL) General Stacks 05/22/2008 Progressive International Agencies 7671.76   621.38418 ISM SEECS009140 11/14/2012 01/05/2017 Book
© 2023 Central Library, National University of Sciences and Technology. All Rights Reserved.